Sínodos de Lima de 1613 y 1636 / (Record no. 12779)
[ view plain ]
| 000 -LEADER | |
|---|---|
| campo de control de longitud fija | 01609nam a2200337 i 4500 |
| 001 - NÚMERO DE CONTROL | |
| campo de control | 12779 |
| 003 - IDENTIFICADOR DE NÚMERO DE CONTROL | |
| campo de control | ES-MaACL |
| 005 - FECHA Y HORA DE LA ÚLTIMA TRANSACCIÓN | |
| campo de control | 20230906150409.0 |
| 007 - CAMPO FIJO DE DESCRIPCIÓN FÍSICA--INFORMACIÓN GENERAL | |
| campo de control de longitud fija | t| |
| 008 - DATOS DE LONGITUD FIJA--INFORMACIÓN GENERAL | |
| campo de control de longitud fija | 920917s1987 sp |||| | spa d |
| 020 ## - NÚMERO INTERNACIONAL ESTÁNDAR DEL LIBRO | |
| Número Internacional Estándar del Libro | 84-00-06708-8 |
| 080 ## - NÚMERO DE LA CLASIFICACIÓN DECIMAL UNIVERSAL | |
| Número de la Clasificación Decimal Universal | 262.4(851.1)"16" |
| 110 1# - ENTRADA PRINCIPAL--NOMBRE DE ENTIDAD CORPORATIVA | |
| Nombre de entidad corporativa o nombre de jurisdicción como elemento de entrada | Lima (Archidiócesis). |
| Unidad subordinada | Sínodo ( |
| Fecha del congreso o de la firma del tratado | 1613) |
| 9 (RLIN) | 151104 |
| 245 10 - MENCIÓN DEL TÍTULO | |
| Título | Sínodos de Lima de 1613 y 1636 / |
| Mención de responsabilidad, etc. | [elaborados por] Bartolomé Lobo Guerrero, Fernando Arias de Ugarte ; [estudio introductorio por José María Soto Rábanos]. |
| 260 ## - PUBLICACIÓN, DISTRIBUCIÓN, ETC. | |
| Lugar de publicación, distribución, etc. | Madrid : |
| Nombre del editor, distribuidor, etc. | Centro de Estudios del Consejo Superior de Investigaciones Científicas ; |
| Lugar de publicación, distribución, etc. | Salamanca : |
| Nombre del editor, distribuidor, etc. | Instituto de Historia de la Teología Española de la Universidad Pontificia, |
| Fecha de publicación, distribución, etc. | 1987. |
| 300 ## - DESCRIPCIÓN FÍSICA | |
| Extensión | CIII, 457 p. ; |
| Dimensiones | 25 cm. |
| 490 1# - MENCIÓN DE SERIE | |
| Mención de serie | Tierra nueva e cielo nuevo. Sínodos americanos |
| 534 ## - NOTA SOBRE LA VERSIÓN ORIGINAL | |
| Frase introductoria | Reprod. facs. de la ed. |
| Mención de título del original | Constituciones sinodales del Arzobispado de Los Reyes en el Perú, |
| Publicación, distribución, etc. del original | Los Reyes : Francisco del Canto, 1613. |
| 650 #4 - PUNTO DE ACCESO ADICIONAL DE MATERIA--TÉRMINO DE MATERIA | |
| Término de materia o nombre geográfico como elemento de entrada | Concilios y sínodos- |
| Subdivisión geográfica | Lima. |
| 9 (RLIN) | 11244 |
| 655 #7 - TERMINO DE INDIZACIÓN--GENERO/FORMA | |
| Fuente del término | tgfbne |
| 9 (RLIN) | 226495 |
| Datos o término principal de género/forma | Facsímiles |
| 700 1# - ENTRADA AGREGADA--NOMBRE PERSONAL | |
| Nombre de persona | Arias de Ugarte, Fernando. |
| 9 (RLIN) | 22776 |
| 700 1# - ENTRADA AGREGADA--NOMBRE PERSONAL | |
| Nombre de persona | Soto Rábanos, José María. |
| 9 (RLIN) | 107525 |
| 700 1# - ENTRADA AGREGADA--NOMBRE PERSONAL | |
| Nombre de persona | Lobo Guerrero, Bartolomé. |
| 9 (RLIN) | 73024 |
| 710 1# - ENTRADA AGREGADA--NOMBRE DE ENTIDAD CORPORATIVA | |
| Nombre de entidad corporativa o nombre de jurisdicción como elemento de entrada | Lima (Archidiócesis). |
| Unidad subordinada | Sínodo ( |
| Fecha del congreso o de la firma del tratado | 1613) |
| 9 (RLIN) | 151104 |
| 710 2# - ENTRADA AGREGADA--NOMBRE DE ENTIDAD CORPORATIVA | |
| Nombre de entidad corporativa o nombre de jurisdicción como elemento de entrada | Centro de Estudios Históricos (1985-1999) |
| 9 (RLIN) | 2639 |
| 710 2# - ENTRADA AGREGADA--NOMBRE DE ENTIDAD CORPORATIVA | |
| Nombre de entidad corporativa o nombre de jurisdicción como elemento de entrada | Universidad Pontificia de Salamanca. |
| Unidad subordinada | Instituto de Historia de la Teología Española. |
| 9 (RLIN) | 7451 |
| 830 0# - PUNTO DE ACCESO ADICIONAL DE SERIE-TÍTULO UNIFORME | |
| Título uniforme | Tierra nueva e cielo nuevo. Sínodos americanos |
| 9 (RLIN) | 226693 |
| 852 ## - LOCALIZACIÓN | |
| Ubicación | ES-MaACL |
| Número de control de estantería | L-19986 |
| 942 ## - ELEMENTOS DE ENTRADA SECUNDARIOS (KOHA) | |
| Fuente del sistema de clasificación o colocación | Clasificación decimal universal |
| Estatus retirado | Estado de pérdida | Estado de daño | No para préstamo | Biblioteca de origen | Biblioteca actual | Ubicación en estantería | Fecha de adquisición | Fuente de adquisición | Total de préstamos | Signatura topográfica completa | Código de barras | Visto por última vez | Precio de reemplazo | Tipo de ítem Koha |
|---|---|---|---|---|---|---|---|---|---|---|---|---|---|---|
| Biblioteca del Ateneo de Madrid | Biblioteca del Ateneo de Madrid | Depósito 2 | 17/01/2008 | L-19986 | 1013017 | 23/02/2023 | 23/02/2023 | Libro impreso |
